| 000 | 01104cam a2200265 4500 | ||
|---|---|---|---|
| 001 | ABS62574 | ||
| 008 | 000000n2000 000 0 eng u | ||
| 035 | _a(Sirsi) u107330 | ||
| 100 | _aRoskrow, B. | ||
| 245 | _aL's teeth | ||
| 260 | _c2000 | ||
| 490 |
_aHouse Builder _v July 2000, 17-18(2) |
||
| 520 | _aReports on the implications for housebuilders of the new proposed part L, of the building regulations published on June 15 2000 Part L details energy efficiency standards for buildings, and the main area to note is the U values allocated to elements in new housing. Sets out checklist. Consultation papers on Part L are available from the DETR site at: http://www.construction.detr.gov.uk. Public enquiries: 020 7944 3333 | ||
| 590 | _aABS | ||
| 650 | _aPART L | ||
| 650 | _aBRICK AND BLOCK | ||
| 650 | _aU VALUES | ||
| 650 | _aBUILT ENVIRONMENT-BUILDING ELEMENTS-COMPLETE BUILDING ELEMENTS-WALLS | ||
| 650 | _aNEW HOUSING | ||
| 650 |
_aBUILDING REGULATIONS _96224 |
||
| 650 | _aINSULATION | ||
| 650 | _aTIMBER | ||
| 690 | _aBUILT ENVIRONMENT-BUILDING STANDARDS | ||
| 942 | _n0 | ||
| 999 |
_c64169 _d64169 |
||